Educar en el jardín maternal : enseñar y aprender de 0 a 3 años /

Guardado en:
Autor Principal: Pitluk, Laura
Otros Autores: Salvi, Darío, ilus.
Formato: Libro
Publicado: Argentina : Novedades Educativas
Materias:
Etiquetas: Agregar Etiqueta
Sin Etiquetas, Sea el primero en etiquetar este registro!
LEADER 01225nam a22002175a 4500
001 CEM.cems012959
005 20080922175817.0
008 130507b######################000#0#####d
003 CEMS
020 |a 9789875381629 
082 0 4 |a 372.21 
100 1 |a Pitluk, Laura 
245 1 0 |a Educar en el jardín maternal :  |b enseñar y aprender de 0 a 3 años /  |c Laura Pitluk 
260 |a Argentina :  |b Novedades Educativas 
300 |a 247 p. 
505 0 |a Cap. 1: Sobre la identidad del jardín maternal -- cap. 2: Enseñar y aprender en el jardín maternal -- cap. 3: El currículo como nivel de especificaciones de las políticas educativas e instrumento docente -- cap. 4: La problemática de los contenidos -- cap. 5: Reconsiderando la planificación y las propuestas -- cap. 6: El rol docente y los modos de intervención -- cap. 7: La organización de la tarea en la sala de bebés -- cap. 8: La organización de la tarea en la sala de un año -- cap. 9: La organización de la tarea en la sala de dos años -- cap. 10: Reflexiones y conclusiones.- 
653 |a Educación 
653 |a Nivel inicial 
653 |a Jardin maternal 
700 1 |a Salvi, Darío, ilus. 
859 |a CEMS  |b BIB. CEMS - 11 de abril  |h 372.21  |i P683  |p 25279.08  |t Ej.1